The challenges of mainstreaming local government (Record no. 529076)

000 -LEADER
fixed length control field 01829nam a22001457a 4500
008 - FIXED-LENGTH DATA ELEMENTS--GENERAL INFORMATION
fixed length control field 250219b ||||| |||| 00| 0 eng d
100 ## - MAIN ENTRY--PERSONAL NAME
Personal name Sandford, Mark
245 ## - TITLE STATEMENT
Title The challenges of mainstreaming local government
260 ## - PUBLICATION, DISTRIBUTION, ETC. (IMPRINT)
Place of publication, distribution, etc Local Government Studies
300 ## - PHYSICAL DESCRIPTION
Extent 50(6), Dec, 2024: p.1008-1017
520 ## - SUMMARY, ETC.
Summary, etc Although local government has faced huge challenges – even challenges to its existence and its rationale – since Local Government Studies was established, the journal has survived and flourished. From an external perspective, however, the discipline of local government studies seems to remain the Cinderella of political science in the UK. Only a few specialist study centres exist; modules within political science courses are few and far between; the flow of new textbooks has almost entirely halted. This marginal status reflects the status of local government within UK political culture. The UK’s political system tacitly conceives of local government through the ‘benefit model’ – a multi-purpose service deliverer, funded by fee and subsidy. It lacks the dimension, more visible in many other European countries, of local government as an expression of citizenship and democratic choice. In turn, ‘local government policy’ typically comprises a collation of second-order concerns, hemmed in by central accountability mechanisms. Can the discipline provide the intellectual foundation for a shift in this culture, to complement any jump in status for local government within UK politics?- Reproduced

https://www.tandfonline.com/doi/full/10.1080/03003930.2024.2407902#abstract
650 ## - SUBJECT ADDED ENTRY--TOPICAL TERM
Topical term or geographic name as entry element Place-shaping, Central–local relations, Benefit principle, Local government history, Local government scholarship.
9 (RLIN) 50734
773 ## - HOST ITEM ENTRY
Main entry heading Local Government Studies
942 ## - ADDED ENTRY ELEMENTS (KOHA)
Item type Articles
Holdings
Withdrawn status Lost status Source of classification or shelving scheme Damaged status Not for loan Permanent location Current location Date acquired Serial Enumeration / chronology Barcode Date last seen Koha item type
          Indian Institute of Public Administration Indian Institute of Public Administration 2025-02-19 50(6), Dec, 2024: p.1008-1017 AR135229 2025-02-19 Articles

Powered by Koha